000 00633nam a22002051a 4500
003 OSt
005 20240226100633.0
008 180216t2088 pk | |||| 00| d urd d
020 _a96935113395
040 _c0
082 _a891.4392
_bBAN 2008
100 1 _aبانوقدسیہ
_9121226
245 1 0 _aآدھی بات
_bٓڈرامے
_cBano Qudsia
246 _aAadhi Baat
_bDrame
260 _aLahore:
_bSang e Meel Pub;
_c2008.
300 _a788 p.
650 _aUrdu literature
_vDrama
_9676
942 _2ddc
_cBK
_aSADA
_k891.4392 BAN 2008
999 _c608136
_d608136